000
00210 a2200097 4500
001
46691
100
_a
Taylor J.W
245
_a
History of Aerial Warfare
260
_a
London
_b
Hamlyn
_c
090
_c
29789
_d
29789
942
_a
NUST-CAE
_c
M
_c
21989
999
_c
281764
_d
281764